=LDR 00000nam 2200000 4500 =001 INLIS000000000050148 =005 20170420090740.0 =006 =007 =008 =020 ##$$a 979 - 8451 - 61 - 9 =035 ##$$0010-041700000000338 =040 ##$$a NBPDMAT =082 ##$$a 391 =090 ##$$a 391 Olo t =100 ##$$a Olong, Hatib Abdul Kadir =245 ##$$a Tato / $c Hatib Abdul Kadir Olong =260 ##$$a Yoyakarta : $b LKiS, $c 2006 =300 ##$$a xl, 368 hlm. : $b ilus. ; $c 18 cm =650 ##$$a TATO =850 ##$$a NBPDMAT